000
00171 a2200085 4500
245
_a
MALORY WORKS
_h
Text
100
_a
EUGENE VINAVER
650
_a
literature
005
20191017172451.0
084
_a
NONE
999
_c
8928
_d
8928